000 00306nam a22001337a 4500
008 171025b xxu||||| |||| 00| 0 eng d
020 _a0070431868
041 _aeng
080 _22ND
_a331
100 _a55
101 _aSTA
245 _aMULTIVARIATE STATISTICAL METHODS
_cMORRISON,D.F
942 _2udc
_cBK
999 _c35947
_d35947